| 000 | 00344nam a22001217a 4500 | ||
|---|---|---|---|
| 999 |
_c1641 _d1641 |
||
| 008 | 200128b ||||| |||| 00| 0 eng d | ||
| 110 |
_91272 _aScrew Implementation Cell |
||
| 245 | 1 | 0 | _aMerchant shipping rules 1998, META Manual Vol. - I |
| 260 |
_aMumbai _bShroff Publsihers & Distributors _cx |
||
| 300 | _ax | ||
| 650 | 0 | _aShipping | |
| 942 | _cBK | ||